000 01269cam a2200253 4500
001 ABS67036
008 030930n2003 000 0 eng u
035 _a(Sirsi) u123761
100 _aLipton, S.
245 _aBuilders need all mod cons
260 _c2003
490 _aEstates Gazette
_v(0337) 13 September 2003, 122-123(2)
520 _aPleads the case that residential builders should adopt the new materials, advanced technology and design that have transformed the construction of commercial buildings. Innovative construction methods used for large-scale buildings, 3-D computer modelling to view building before construction and just-in-time deliveries to worksites should become incorporated into the house building process. Points to positive changes in the housing world, such as the construction role of housing associations, the employment of distinguished architects and examples of cutting edge housing projects.
590 _aABS
650 _aRESIDENTIAL CONSTRUCTION
650 _aCOMMERCIAL BUILDINGS
650 _a3D COMPUTER MODELLING TECHNIQUES
650 _aJUST-IN-TIME
650 _aHOUSING ASSOCIATIONS
650 _aARCHITECTS
650 _aDESIGN QUALITY
690 _aBUILT ENVIRONMENT-CONSTRUCTION DESIGN
942 _n0
999 _c73489
_d73489